<?xml version="1.0" encoding="UTF-8"?>
<collection xmlns:xsi="http://www.w3.org/2001/XMLSchema-instance" xsi:schemaLocation="http://www.loc.gov/MARC21/slim http://www.loc.gov/standards/marcxml/schema/MARC21slim.xsd" xmlns="http://www.loc.gov/MARC21/slim">
 <record>
  <leader>00000ctm a22000003a 4500</leader>
  <controlfield tag="001">UP-8027390931313810131</controlfield>
  <controlfield tag="003">Buklod</controlfield>
  <controlfield tag="005">20260218115405.0</controlfield>
  <controlfield tag="006">m    |o  d |      </controlfield>
  <controlfield tag="007">ta</controlfield>
  <controlfield tag="008">100615s2008    xx     d     r    |||| u|</controlfield>
  <datafield tag="035" ind1=" " ind2=" ">
   <subfield code="a">(iLib)UPVIS-00016558223</subfield>
  </datafield>
  <datafield tag="040" ind1=" " ind2=" ">
   <subfield code="a">upv-gl</subfield>
  </datafield>
  <datafield tag="090" ind1=" " ind2="0">
   <subfield code="a">LG 996 2008 M38 Z35</subfield>
  </datafield>
  <datafield tag="100" ind1="1" ind2=" ">
   <subfield code="a">Zamora, Lourdes A. Callanta</subfield>
  </datafield>
  <datafield tag="245" ind1="1" ind2="4">
   <subfield code="a">The quality of student's mathematical proofs as a function of classroom assessment</subfield>
   <subfield code="b">a qualitative-quantitative analysis</subfield>
   <subfield code="c">Lourdes A. Callanta-Zamora.</subfield>
  </datafield>
  <datafield tag="264" ind1=" " ind2="1">
   <subfield code="a">[s.l.]</subfield>
   <subfield code="b">University of the Philippines Open University</subfield>
   <subfield code="c">2008.</subfield>
  </datafield>
  <datafield tag="300" ind1=" " ind2=" ">
   <subfield code="a">245, [32] l.</subfield>
  </datafield>
  <datafield tag="500" ind1=" " ind2=" ">
   <subfield code="a">Dissertation (Ph.D. Mathematics) -- U.P. Open University, 2008.</subfield>
  </datafield>
  <datafield tag="520" ind1="3" ind2=" ">
   <subfield code="a">In this quasi-experimental study mathematical proof writing is viewed as a problem solving activity success at which requires adequate knowledge of relevant mathematical content and logical rules of inference, familiarity with heuristics prof writing techniques, metacogniitive skills, and positive affects towards self and mathematics. The extent to which two types of classroom assessment - traditional (TA) and learner-centered (LCA) - provided these cognitive and affective requisites is described on the basis of a quantitative and qualitative analysis of their effects on the quality of stdents' mathematical proofs and selected affective variables such as attitudes towards mathematics, motivation, self-confidence, mathematics anxiety, and test anxiety. Each member of the experimental (LCA and control (TA) groups wrote proofs for seven propositions which were scored blind by two rates using a 4-point criteria (key mathematical understanding, logical validity, mathematical communication, and clarity and simplicity) specified in a researcher-constructed anaholistic proff writing rubric. The proofs were also qualitatively assessed to determine the nature and extent of the subjects' understanding of the key mathematical content and identify logical fallacies committed as well as instances of  inappropriate use of language, mathematical terminology and notation. The long-term effects of classroom assessment on proof quality were determined through a comparison of the mean index values obtained by the two groups in all criteria indicators, including the frequencies of manifestations of validity, soundness, consistency, and fallacious reasoning in these proofs. Four categories of learning difficluties encountered by the TA and LCA groups in relation to proof writing, were identified and addressed: (a) difficulty with the form and substance of a proof, (b) difficulty in understanding a proof for a theorem or theoretical exercise, (c) difficulty in understanding the key content and their relationships in a proof, and (d) difficulty  or confusion with associated mathematical terminology and notation. The comparison of the mean index values obtained by both groupsfor the different criteria measures, as well as the frequencies of manifestations of validity, soundness, consistency, and fallacious reasoning in their proofs reinforce the above findings. Moreover, as a result of their learning experiences in the course, the LCA subjects more significantly liked mathematics and regarded it as their most favorite subject in school, and felt more challenged to solve difficult problems in mathematics. On the other hand, the TA subjects' experiences resulted in a significant reduction of their level of frustration with their previous learning of mathematics, a greater interest to know more about the subject and preference to discuss and learn mathematics with others, and a better understanding of geometry and trigonometry than algebra, along with increased levels of test anxiety and discomfort when dealing with numbers and mathematical symbols.</subfield>
  </datafield>
  <datafield tag="852" ind1="0" ind2=" ">
   <subfield code="a">UPVIS</subfield>
   <subfield code="b">UPV-GL</subfield>
   <subfield code="h">LG 996 2008 M38 Z35</subfield>
  </datafield>
  <datafield tag="942" ind1=" " ind2=" ">
   <subfield code="a">Thesis</subfield>
  </datafield>
 </record>
</collection>
